Sammlungsgut in Sicherheit Beleuchtung und Lichtschutz, Klimatisierung, Sicherungstechnik, Brandschutz

Bibliographic Details
Main Authors: Hilbert, Günter S. (Author), Fischer, Barbara (Author), Bleker, Klaus (Author)
Format: Book
Language:German
PhysicalDescription:xvi, 426 s. 22 cm
Published: Berlin Gebr. Mann Verlag 1996
ISBN:3786118892
Edition:2. vollst. überarb. und erw. Aufl.
Series:Berliner Schriften zur Museumskunde
Subjects:

MARC

LEADER 00000nam a2200000 a 4500
001 vtls001322793
003 SK-MaSNL
005 20260301235519.0
008 251113s1996 DE a 0 ger
020 |a 3786118892  |c [1904,00] 
035 |a SNK000275475 
040 |a SNK  |b slo  |c SNK  |e AACR2 
044 |a DE 
080 |a 069.5:628.8/.9  |2 1981 
080 |a 069.5:069.42  |2 1981 
100 1 |a Hilbert, Günter S.  |4 aut  |9 632859 
245 1 0 |a Sammlungsgut in Sicherheit  |b Beleuchtung und Lichtschutz, Klimatisierung, Sicherungstechnik, Brandschutz  |c Günter S. Hilbert ; unter Mitarbeit von Barbara Fischer und Klaus Bleker 
250 |a 2. vollst. überarb. und erw. Aufl. 
260 |a Berlin  |b Gebr. Mann Verlag  |c 1996 
300 |a xvi, 426 s.  |c 22 cm 
490 1 |a Berliner Schriften zur Museumskunde  |v Bd. 1 
650 0 7 |a osvetlenie  |2 SNKPH  |9 14724 
650 0 7 |a klimatizácia  |2 SNKPH  |9 14928 
650 0 7 |a múzejné zbierky  |2 SNKPH  |9 69988 
655 7 |a príručky  |2 SNKPH  |9 74364 
700 1 |a Fischer, Barbara  |4 aut  |9 632860 
700 1 |a Bleker, Klaus  |4 aut  |9 632861 
830 0 |a Berliner Schriften zur Museumskunde  |9 632862 
919 |a 3-7861-1889-2 
999 |c 975404  |d 977334 
952 |t P60, <04>, [BOOK], {604}  |a SNK  |b SNK  |y VYP  |7 0  |p 17A0125761  |o snkIC 127065  |i snkV 135/98  |0 0  |1 0  |4 0  |d 1998-03-09  |l 0  |r 2005-01-02 00:00:00  |w 2026-02-24